<?xml version="1.0" encoding="UTF-8"?>
<collection xmlns="http://www.loc.gov/MARC21/slim">
 <record>
  <leader>02155nam a22003017a 4500</leader>
  <controlfield tag="001">NCT_4_012820</controlfield>
  <controlfield tag="008">240914b        xxu||||| |||| 00| 0 vie d</controlfield>
  <datafield tag="999" ind1=" " ind2=" ">
   <subfield code="c">8604</subfield>
   <subfield code="d">8604</subfield>
  </datafield>
  <datafield tag="020" ind1=" " ind2=" ">
   <subfield code="a">9786046656821</subfield>
   <subfield code="c">471000</subfield>
  </datafield>
  <datafield tag="082" ind1="0" ind2="4">
   <subfield code="2">23rd ed.</subfield>
   <subfield code="a">616.3</subfield>
   <subfield code="b">X502</subfield>
  </datafield>
  <datafield tag="100" ind1="1" ind2=" ">
   <subfield code="a">Hà Thị Như Xuân</subfield>
   <subfield code="e">Chủ biên</subfield>
  </datafield>
  <datafield tag="245" ind1="1" ind2="0">
   <subfield code="a">Chăm sóc sức khỏe người bệnh hệ tiêu hóa</subfield>
   <subfield code="b">: Giáo trình giảng dạy đại học</subfield>
   <subfield code="c">Hà Thị Như Xuân</subfield>
  </datafield>
  <datafield tag="260" ind1=" " ind2=" ">
   <subfield code="a">H.</subfield>
   <subfield code="b">Y học</subfield>
   <subfield code="c">2022</subfield>
  </datafield>
  <datafield tag="300" ind1=" " ind2=" ">
   <subfield code="a">290 tr.</subfield>
   <subfield code="b">Minh họa</subfield>
   <subfield code="c">27cm</subfield>
  </datafield>
  <datafield tag="500" ind1=" " ind2=" ">
   <subfield code="a">ĐTTS ghi: Đại học Y dược Thành phố Hồ Chí Minh - Bộ môn Điều dưỡng</subfield>
  </datafield>
  <datafield tag="520" ind1="3" ind2=" ">
   <subfield code="a">Quyển giáo trình được thiết kế bao gồm 4 chương lớn sau đây: Chương 1: Tổng quan về hệ tiêu hóa; Chương 2: Chăm sóc sức khỏe người bệnh tiêu hóa trên; Chương 3: Chăm sóc sức khỏe người bệnh đường tiêu hóa dưới; Chương 4: Chăm sóc sức khỏe người bệnh gan - mật - tụy.</subfield>
  </datafield>
  <datafield tag="653" ind1=" " ind2=" ">
   <subfield code="a">Điều dưỡng</subfield>
  </datafield>
  <datafield tag="700" ind1=" " ind2=" ">
   <subfield code="a">Phùng Thanh Phong</subfield>
   <subfield code="e">Biên soạn</subfield>
  </datafield>
  <datafield tag="700" ind1=" " ind2=" ">
   <subfield code="a">An Thị Trà My</subfield>
   <subfield code="e">Biên soạn</subfield>
  </datafield>
  <datafield tag="700" ind1=" " ind2=" ">
   <subfield code="a">Lê Thị Hoàn</subfield>
   <subfield code="e">Biên soạn</subfield>
  </datafield>
  <datafield tag="700" ind1=" " ind2=" ">
   <subfield code="a">Trần Trịnh Quốc Việt</subfield>
   <subfield code="e">Biên soạn</subfield>
  </datafield>
  <datafield tag="942" ind1=" " ind2=" ">
   <subfield code="2">ddc</subfield>
   <subfield code="c">BK</subfield>
  </datafield>
  <datafield tag="952" ind1=" " ind2=" ">
   <subfield code="0">0</subfield>
   <subfield code="1">0</subfield>
   <subfield code="2">ddc</subfield>
   <subfield code="4">0</subfield>
   <subfield code="6">616_300000000000000_X502</subfield>
   <subfield code="7">0</subfield>
   <subfield code="9">29476</subfield>
   <subfield code="a">000001</subfield>
   <subfield code="b">000001</subfield>
   <subfield code="d">2024-09-14</subfield>
   <subfield code="o">616.3 X502</subfield>
   <subfield code="p">MD.22730</subfield>
   <subfield code="r">2024-09-14</subfield>
   <subfield code="w">2024-09-14</subfield>
   <subfield code="y">BK</subfield>
  </datafield>
  <datafield tag="952" ind1=" " ind2=" ">
   <subfield code="0">0</subfield>
   <subfield code="1">0</subfield>
   <subfield code="2">ddc</subfield>
   <subfield code="4">0</subfield>
   <subfield code="6">616_300000000000000_X502</subfield>
   <subfield code="7">0</subfield>
   <subfield code="9">29477</subfield>
   <subfield code="a">000001</subfield>
   <subfield code="b">000001</subfield>
   <subfield code="d">2024-09-14</subfield>
   <subfield code="o">616.3 X502</subfield>
   <subfield code="p">MD.22731</subfield>
   <subfield code="r">2024-09-14</subfield>
   <subfield code="w">2024-09-14</subfield>
   <subfield code="y">BK</subfield>
  </datafield>
  <datafield tag="952" ind1=" " ind2=" ">
   <subfield code="0">0</subfield>
   <subfield code="1">0</subfield>
   <subfield code="2">ddc</subfield>
   <subfield code="4">0</subfield>
   <subfield code="6">616_300000000000000_X502</subfield>
   <subfield code="7">0</subfield>
   <subfield code="9">29478</subfield>
   <subfield code="a">000001</subfield>
   <subfield code="b">000001</subfield>
   <subfield code="d">2024-09-14</subfield>
   <subfield code="o">616.3 X502</subfield>
   <subfield code="p">MD.22732</subfield>
   <subfield code="r">2024-09-14</subfield>
   <subfield code="w">2024-09-14</subfield>
   <subfield code="y">BK</subfield>
  </datafield>
  <datafield tag="952" ind1=" " ind2=" ">
   <subfield code="0">0</subfield>
   <subfield code="1">0</subfield>
   <subfield code="2">ddc</subfield>
   <subfield code="4">0</subfield>
   <subfield code="6">616_300000000000000_X502</subfield>
   <subfield code="7">0</subfield>
   <subfield code="9">29479</subfield>
   <subfield code="a">000001</subfield>
   <subfield code="b">000001</subfield>
   <subfield code="d">2024-09-14</subfield>
   <subfield code="o">616.3 X502</subfield>
   <subfield code="p">MD.22733</subfield>
   <subfield code="r">2024-09-14</subfield>
   <subfield code="w">2024-09-14</subfield>
   <subfield code="y">BK</subfield>
  </datafield>
  <datafield tag="952" ind1=" " ind2=" ">
   <subfield code="0">0</subfield>
   <subfield code="1">0</subfield>
   <subfield code="2">ddc</subfield>
   <subfield code="4">0</subfield>
   <subfield code="6">616_300000000000000_X502</subfield>
   <subfield code="7">0</subfield>
   <subfield code="9">29480</subfield>
   <subfield code="a">000001</subfield>
   <subfield code="b">000001</subfield>
   <subfield code="d">2024-09-14</subfield>
   <subfield code="l">3</subfield>
   <subfield code="m">1</subfield>
   <subfield code="o">616.3 X502</subfield>
   <subfield code="p">MD.22734</subfield>
   <subfield code="q">2025-03-27</subfield>
   <subfield code="r">2025-02-25</subfield>
   <subfield code="s">2025-02-25</subfield>
   <subfield code="w">2024-09-14</subfield>
   <subfield code="y">BK</subfield>
  </datafield>
  <datafield tag="980" ind1=" " ind2=" ">
   <subfield code="a">Thư viện Trường Đại học Nam Cần Thơ</subfield>
  </datafield>
 </record>
</collection>
